Three bedrooms in Manhattan /

Bibliographic Details
Main Author: Simenon, Georges, 1903-1989
Other Authors: Romano, Marc, Blochman, Lawrence G. (Lawrence Goldtree), 1900-1975
Format: Book
Language:English
Published: New York : New York Review Books, [2003]
Series:New York Review Books classics.
Subjects:
Online Access:Publisher description

MARC

Tag First Indicator Second Indicator Subfields
LEADER 00000cam a2200000 a 4500
001 in00002532256
005 20171028063715.0
008 030613s2003 nyu 000 1 eng
010 |a  2003013772 
020 |a 159017044X (pbk. : alk. paper) 
020 |a 9781590170441 (pbk. : alk. paper) 
029 1 |a YDXCP  |b 2012224 
029 1 |a AU@  |b 000024741661 
035 |a (OCoLC)ocm52464561 
035 |a (OCoLC)52464561 
040 |a DLC  |c DLC  |d BAKER  |d BTCTA  |d YDXCP  |d OCLCG  |d KYL  |d UtOrBLW 
041 1 |a eng  |h fre 
042 |a pcc 
049 |a TXAM 
050 0 0 |a PQ2637.I53  |b T7713 2003 
082 0 0 |a 843/.912  |2 21 
100 1 |a Simenon, Georges,  |d 1903-1989. 
240 1 0 |a Trois chambres à Manhattan.  |l English 
245 1 0 |a Three bedrooms in Manhattan /  |c by Georges Simenon ; translated from the French by Marc Romano, Lawrence G. Blochman ; introduction by Joyce Carol Oates. 
264 1 |a New York :  |b New York Review Books,  |c [2003] 
264 4 |c ©2003 
300 |a xiii, 158 pages ;  |c 21 cm. 
336 |a text  |b txt  |2 rdacontent 
337 |a unmediated  |b n  |2 rdamedia 
338 |a volume  |b nc  |2 rdacarrier 
490 1 |a New York Review Books classics 
650 0 |a Man-woman relationships  |v Fiction. 
650 0 |a Romance fiction. 
700 1 |a Romano, Marc. 
700 1 |a Blochman, Lawrence G.  |q (Lawrence Goldtree),  |d 1900-1975. 
830 0 |a New York Review Books classics. 
856 4 2 |3 Publisher description  |u http://www.loc.gov/catdir/enhancements/fy0643/2003013772-d.html  |t 0 
938 |a Baker & Taylor  |b BKTY  |c 12.95  |d 9.71  |i 159017044X  |n 0004243763  |s active 
938 |a Baker and Taylor  |b BTCP  |n 2003013772 
938 |a YBP Library Services  |b YANK  |n 2012224 
945 |a PromptCat  |b 862417 
946 |a stk 
947 |a A14840018595 
994 |a 92  |b TXA 
999 |a MARS 
999 f f |s 2398d125-9606-31ca-8fa7-3c4963c426aa  |i 6c82ed17-3e15-3faf-ac42-ce01ce8506a1  |t 0 
952 f f |p normal  |a Texas A&M University  |b College Station  |c Sterling C. Evans Library  |d Evans: Library Stacks  |t 0  |e PQ2637.I53 T7713 2003  |h Library of Congress classification  |i unmediated -- volume  |m A14840018595 
998 f f |a PQ2637.I53 T7713 2003  |t 0  |l Evans: Library Stacks